000 01067nam a2200289 i 4500
001 179280
003 ES-MaACL
005 20240201191801.0
008 111020s2010 sp |||| |bspa d
020 _a978-84-936813-3-3
080 _a929 Arce, Manuel
080 _a821.134.2-94"19"
100 1 _aArce, Manuel.
_922456
245 1 4 _aLos papeles de una vida recobrada /
_cManuel Arce ; [prólogo, Germán Gullón ; índice onomástico, Jesús Herrán Ceballos].
250 _a1ª ed.
260 _aVillanueva de Villaescusa, Cantabria :
_bValnera,
_c2010.
300 _a1462 p. :
_bil. col. y n., fot. ;
_c25 cm.
500 _aÍndice onomástico.
504 _aReferencias bibliográficas.
600 1 4 _aArce, Manuel.
_922456
700 1 _aGullón, Germán,
_d1945-
_960936
700 1 _aHerrán Ceballos, Jesús.
_9148371
852 _aES-MaACL
_jA-11648
_9186161
_bR.146900
_cDEPO1
_dOlim: N-4653
_zDedicatoria autógrafa del autor
_xDonación: Manuel Arce
903 _922456
_aArce, Manuel
_ednr
942 _2udc
_cMONOGRAFIA
999 _c179280
_d179280